[Event "4NCL 3 South pool B"]
[Site "Reading, ENG"]
[Date "2017.11.11"]
[Round "1.51"]
[White "Thompson, Ian D"]
[Black "Mihalik, Agoston"]
[Result "1-0"]
[WhiteElo "2173"]
[BlackElo "2142"]
[PlyCount "109"]
[EventDate "2017.11.11"]
[WhiteTeam "CSC 1"]
[BlackTeam "Brown Jack 1"]

1. c4 c5 2. Nc3 Nc6 3. g3 g6 4. Bg2 Bg7 5. Nf3 e6 6. d4 cxd4 7. Nb5 d5 8. cxd5
Qa5+ 9. Nd2 Qxb5 10. dxc6 Ne7 11. a4 Qb4 12. b3 bxc6 13. Ba3 Qb7 14. Rc1 O-O
15. Nc4 Nd5 16. Bxf8 Kxf8 17. O-O Bd7 18. e4 Nb6 19. Na5 Qc7 20. b4 Qd6 21. Qb3
Rb8 22. f4 Nc8 23. b5 cxb5 24. axb5 Qb6 25. Qa3+ Kg8 26. Nc6 Bf8 27. Qa1 Rb7
28. Qxd4 Qxb5 29. e5 Bxc6 30. Bxc6 Qb6 31. Qxb6 Rxb6 32. Be4 Rb8 33. Rfd1 Nb6
34. Rc6 Bb4 35. Kf1 a5 36. Rb1 Na4 37. Bc2 Nb6 38. Bb3 h6 39. Ke2 Kf8 40. Kf3
Nd7 41. Rbc1 Nb6 42. g4 Be7 43. Ba2 Rb7 44. Rc7 Rxc7 45. Rxc7 Na4 46. f5 gxf5
47. gxf5 exf5 48. Kf4 Nb2 49. Kxf5 a4 50. e6 fxe6+ 51. Kxe6 Bg5 52. Rf7+ Kg8
53. Kf5 a3 54. Kg6 Kh8 55. Rf8# 1-0

[Event "4NCL 3 South pool B"]
[Site "Reading, ENG"]
[Date "2017.11.11"]
[Round "1.52"]
[White "Truran, Michael C"]
[Black "Frostick, Clive A"]
[Result "1-0"]
[WhiteElo "2190"]
[BlackElo "2166"]
[PlyCount "83"]
[EventDate "2017.11.11"]
[WhiteTeam "Brown Jack 1"]
[BlackTeam "CSC 1"]

1. d4 d5 2. c4 dxc4 3. e4 Nf6 4. e5 Nd5 5. Bxc4 Nc6 6. Ne2 Nb6 7. Bb3 Bf5 8. a3
e6 9. Nbc3 Qd7 10. O-O Ne7 11. a4 a5 12. Nf4 c6 13. Be3 h6 14. Qf3 Bh7 15. Rac1
Ng6 16. Nh5 Nh4 17. Qf4 Nf5 18. g4 Ne7 19. Qf3 Ned5 20. Bxh6 O-O-O 21. Bg5 Be7
22. Bxe7 Qxe7 23. Nb5 Bg6 24. Nd6+ Kb8 25. Nf4 Nxf4 26. Qxf4 Rh3 27. Rc3 Rdh8
28. Rxh3 Rxh3 29. f3 Nc8 30. Kg2 Rh8 31. Nxc8 Kxc8 32. Rf2 Qb4 33. Qe3 Rd8 34.
Rd2 c5 35. d5 c4 36. Bc2 Bxc2 37. Rxc2 Rxd5 38. b3 Rc5 39. Qxc5+ Qxc5 40. Rxc4
Qxc4 41. bxc4 g5 42. f4 1-0

[Event "4NCL 3 South pool B"]
[Site "Reading, ENG"]
[Date "2017.11.11"]
[Round "1.53"]
[White "Farrand, Tom"]
[Black "Martin, Lewis"]
[Result "1-0"]
[WhiteElo "2145"]
[BlackElo "2068"]
[PlyCount "71"]
[EventDate "2017.11.11"]
[WhiteTeam "CSC 1"]
[BlackTeam "Brown Jack 1"]

1. e4 c5 2. Nc3 Nc6 3. f4 e6 4. Nf3 d5 5. Bb5 d4 6. Bxc6+ bxc6 7. Nb1 Nf6 8. d3
Be7 9. O-O O-O 10. Nbd2 Qc7 11. Nc4 Ba6 12. b3 Bxc4 13. bxc4 Rab8 14. Nd2 Nd7
15. Qh5 g6 16. Qh6 Qa5 17. Nf3 Qc3 18. Bd2 Qxc2 19. f5 Qxd3 20. Bg5 f6 21. fxg6
hxg6 22. Qxg6+ Kh8 23. Ne1 Qxf1+ 24. Kxf1 fxg5+ 25. Kg1 Rf6 26. Qh5+ Kg7 27.
Qxg5+ Kf7 28. Qh5+ Kg7 29. Nd3 Rh6 30. Qg4+ Rg6 31. Qf4 Rb7 32. Rf1 Nf6 33. Qf3
Rh6 34. e5 Ng8 35. Qf7+ Kh8 36. Nf4 1-0

[Event "4NCL 3 South pool B"]
[Site "Reading, ENG"]
[Date "2017.11.11"]
[Round "1.54"]
[White "Tucker, David S"]
[Black "Amato, Giampiero"]
[Result "1/2-1/2"]
[WhiteElo "2080"]
[BlackElo "2114"]
[PlyCount "69"]
[EventDate "2017.11.11"]
[WhiteTeam "Brown Jack 1"]
[BlackTeam "CSC 1"]

1. e4 e5 2. Nf3 Nf6 3. Nxe5 d6 4. Nf3 Nxe4 5. d4 d5 6. Bd3 Nc6 7. O-O Be7 8.
Re1 Bg4 9. c4 Nf6 10. cxd5 Qxd5 11. Nc3 Bxf3 12. Nxd5 Bxd1 13. Nxf6+ gxf6 14.
Rxd1 Nxd4 15. Be3 Ne6 16. Rac1 O-O 17. Be4 Bd6 18. Bxb7 Rab8 19. Bd5 Rxb2 20.
Bb3 a5 21. Rc4 Rd8 22. Kf1 f5 23. Bc1 Rb1 24. Bc2 Rb4 25. Rxb4 axb4 26. Bxf5
Be5 27. Rxd8+ Nxd8 28. Ke2 Nb7 29. Kd3 Nd6 30. Be4 Bc3 31. Bd5 Be1 32. f3 Bf2
33. a4 bxa3 34. Bxa3 Bg1 35. Bxd6 1/2-1/2

[Event "4NCL 3 South pool B"]
[Site "Reading, ENG"]
[Date "2017.11.11"]
[Round "1.55"]
[White "Scrimgour, Alan"]
[Black "Richmond, Peter"]
[Result "1/2-1/2"]
[WhiteElo "2070"]
[BlackElo "2085"]
[PlyCount "81"]
[EventDate "2017.11.11"]
[WhiteTeam "CSC 1"]
[BlackTeam "Brown Jack 1"]

1. e4 c6 2. d4 d5 3. exd5 cxd5 4. c4 Nf6 5. Nc3 Nc6 6. Nf3 g6 7. cxd5 Nxd5 8.
h3 Bg7 9. Be2 O-O 10. O-O b6 11. Bg5 Bb7 12. Qd2 Rc8 13. Rfe1 Re8 14. Rad1 Qd6
15. Nxd5 Qxd5 16. b3 Nxd4 17. Be3 Nxf3+ 18. Bxf3 Qxd2 19. Bxd2 Bxf3 20. gxf3
Rc2 21. Bb4 e6 22. a4 a5 23. Bd6 Rec8 24. Be7 h6 25. Rd6 R2c7 26. Bd8 Rc6 27.
Rd7 Bc3 28. Red1 e5 29. f4 f6 30. R1d6 Rxd6 31. Rxd6 Bb4 32. Rd7 Rc6 33. fxe5
fxe5 34. Rb7 Bc5 35. Kg2 Bd4 36. Kf3 Rc3+ 37. Ke4 Rxb3 38. Kd5 Rf3 39. Bxb6
Rxf2 40. Bxa5 g5 41. Bb6 1/2-1/2

[Event "4NCL 3 South pool B"]
[Site "Reading, ENG"]
[Date "2017.11.11"]
[Round "1.56"]
[White "Rabbitt, Michael"]
[Black "Fegan, Chris"]
[Result "1-0"]
[WhiteElo "2042"]
[BlackElo "2045"]
[PlyCount "63"]
[EventDate "2017.11.11"]
[WhiteTeam "Brown Jack 1"]
[BlackTeam "CSC 1"]

1. e4 c5 2. Nf3 d6 3. d4 cxd4 4. Nxd4 Nf6 5. f3 g6 6. c4 Bg7 7. Nc3 Qb6 8. Nc2
Nc6 9. Be3 Qxb2 10. Qd2 Nb4 11. Rc1 Nxa2 12. Nxa2 Qxa2 13. Ra1 Nxe4 14. Rxa2
Nxd2 15. Kxd2 a6 16. Be2 Be6 17. Nd4 O-O 18. Nxe6 fxe6 19. Rb1 Rfb8 20. Rb6 Kf7
21. f4 a5 22. Ra4 e5 23. Bf3 exf4 24. Bxf4 Bd4 25. Rxb7 Rxb7 26. Bxb7 Rb8 27.
Bf3 Bc5 28. Kd3 Bb4 29. Be3 e6 30. Ba7 Rd8 31. Bb6 Rd7 32. Bc6 1-0

[Event "4NCL 3 South pool B"]
[Site "Reading, ENG"]
[Date "2017.11.11"]
[Round "1.61"]
[White "Tippleston, Charles E"]
[Black "Mogilarov, Dimitar"]
[Result "1-0"]
[WhiteElo "2080"]
[BlackElo "2135"]
[Annotator "Alan"]
[PlyCount "85"]
[EventDate "2017.11.11"]
[WhiteTeam "MK Phoenix 1"]
[BlackTeam "Fermented Sharks"]

1. e4 c5 2. Nf3 d6 3. Bb5+ Nc6 4. O-O Bd7 5. Re1 Nf6 6. c3 a6 7. Bf1 Bg4 8. h3
Bxf3 9. Qxf3 e6 10. d3 Be7 11. Na3 O-O 12. Nc2 Rc8 13. Bg5 d5 14. exd5 Qxd5 15.
Qxd5 Nxd5 16. Bxe7 Ndxe7 17. Rad1 Rfd8 18. Na1 e5 19. Nb3 b6 20. a4 Kf8 21. a5
bxa5 22. Nxc5 Rb8 23. Rd2 Rb6 24. g3 Rd5 25. Na4 Rb8 26. Kg2 f6 27. Re4 f5 28.
Rc4 e4 29. Rc5 Rbd8 30. d4 R5d6 31. Bc4 g5 32. Re2 Kg7 33. f3 exf3+ 34. Kxf3
Kf6 35. Kf2 Kg6 36. Re1 f4 37. g4 h5 38. h4 gxh4 39. Rxh5 Kg7 40. Nc5 Rb8 41.
b3 Ng6 42. Ne6+ Kg8 43. Ng5+ {scoresheets} 1-0

[Event "4NCL 3 South pool B"]
[Site "Reading, ENG"]
[Date "2017.11.11"]
[Round "1.62"]
[White "Okhai, Shabir"]
[Black "Fraser-Mitchell, Jeremy N"]
[Result "0-1"]
[WhiteElo "2075"]
[BlackElo "2080"]
[PlyCount "62"]
[EventDate "2017.11.11"]
[WhiteTeam "Fermented Sharks"]
[BlackTeam "MK Phoenix 1"]

1. e4 e6 2. d4 d5 3. exd5 exd5 4. c4 c6 5. Nc3 Nf6 6. Bd3 Be7 7. h3 dxc4 8.
Bxc4 Nbd7 9. Nf3 Nb6 10. Bb3 O-O 11. O-O Bf5 12. Re1 Bd6 13. Ne5 Nfd5 14. Qf3
Be6 15. Ne4 Qc7 16. Ng5 Rae8 17. Bc2 Nf6 18. Nxe6 Rxe6 19. Bg5 Nbd5 20. Ng4
Rxe1+ 21. Rxe1 Nxg4 22. Qxg4 Bf4 23. Qh4 g6 24. Bxf4 Nxf4 25. Re7 Qd8 26. g3
Nd5 27. Rxb7 Qa5 28. Bb3 Re8 29. Bxd5 Re1+ 30. Kh2 Qxd5 31. g4 Qf3 0-1

[Event "4NCL 3 South pool B"]
[Site "Reading, ENG"]
[Date "2017.11.11"]
[Round "1.63"]
[White "Smith, Graham"]
[Black "Agnew, Alan"]
[Result "1/2-1/2"]
[WhiteElo "2026"]
[BlackElo "2108"]
[PlyCount "49"]
[EventDate "2017.11.11"]
[WhiteTeam "MK Phoenix 1"]
[BlackTeam "Fermented Sharks"]

1. d4 Nf6 2. Nf3 g6 3. Nc3 d5 4. Bf4 Bg7 5. e3 O-O 6. Be2 c5 7. Ne5 Nc6 8. h4
cxd4 9. exd4 Qb6 10. Nxc6 bxc6 11. Na4 Qa5+ 12. c3 Nd7 13. b4 Qd8 14. h5 e5 15.
Be3 a5 16. a3 axb4 17. axb4 Ba6 18. hxg6 hxg6 19. Bxa6 Rxa6 20. Nc5 Rxa1 21.
Qxa1 Nxc5 22. bxc5 exd4 23. cxd4 Re8 24. O-O Qa8 25. Rb1 1/2-1/2

[Event "4NCL 3 South pool B"]
[Site "Reading, ENG"]
[Date "2017.11.11"]
[Round "1.64"]
[White "Niccoli, Tony"]
[Black "Freeman, Richard C P"]
[Result "1/2-1/2"]
[WhiteElo "2030"]
[BlackElo "2009"]
[PlyCount "46"]
[EventDate "2017.11.11"]
[WhiteTeam "Fermented Sharks"]
[BlackTeam "MK Phoenix 1"]

1. e4 g6 2. c3 Bg7 3. d4 d6 4. Nf3 Nf6 5. Bd3 O-O 6. O-O Nc6 7. h3 e5 8. Re1
Nh5 9. dxe5 dxe5 10. Bb5 Qxd1 11. Rxd1 Rd8 12. Rxd8+ Nxd8 13. Na3 a6 14. Bc4 b5
15. Bb3 Bb7 16. Bg5 h6 17. Bxd8 Rxd8 18. Re1 c5 19. Nb1 c4 20. Bc2 Nf4 21. b3
cxb3 22. axb3 Kf8 23. Re3 Ke7 1/2-1/2

[Event "4NCL 3 South pool B"]
[Site "Reading, ENG"]
[Date "2017.11.11"]
[Round "1.65"]
[White "Habershon, Paul F"]
[Black "George, Matthew P"]
[Result "0-1"]
[WhiteElo "1999"]
[BlackElo "2021"]
[PlyCount "112"]
[EventDate "2017.11.11"]
[WhiteTeam "MK Phoenix 1"]
[BlackTeam "Fermented Sharks"]

1. e4 d5 2. exd5 Qxd5 3. Nc3 Qd8 4. d4 Nf6 5. Nf3 Bg4 6. Be2 e6 7. h3 Bxf3 8.
Bxf3 c6 9. O-O Bd6 10. Ne2 O-O 11. Bf4 Bxf4 12. Nxf4 Qd6 13. g3 Nbd7 14. c3 Nd5
15. Nxd5 cxd5 16. Re1 b5 17. a4 b4 18. c4 dxc4 19. Bxa8 Rxa8 20. Qf3 Nb6 21.
Re5 Nd5 22. Rae1 Rc8 23. Qg4 c3 24. bxc3 bxc3 25. Qe4 g6 26. h4 h5 27. Rg5 Kg7
28. Qe2 f6 29. Rxd5 Qxd5 30. Rc1 Rc4 31. Qd3 Qxd4 32. Qxd4 Rxd4 33. Rxc3 Rxa4
34. Rc7+ Kf8 35. Kg2 Ra2 36. Kf3 a5 37. Rc8+ Ke7 38. Rc7+ Kd6 39. Rg7 Rb2 40.
Rxg6 Rb5 41. Rg8 Rf5+ 42. Ke3 Kc5 43. f3 Kc4 44. g4 Re5+ 45. Kf4 a4 46. g5 Rf5+
47. Kg3 fxg5 48. hxg5 a3 49. f4 Kb4 50. g6 a2 51. g7 a1=Q 52. Rb8+ Kc4 53. g8=Q
Qg1+ 54. Kh3 Qh1+ 55. Kg3 h4+ 56. Kf2 Rxf4+ 0-1

[Event "4NCL 3 South pool B"]
[Site "Reading, ENG"]
[Date "2017.11.11"]
[Round "1.66"]
[White "Dydak, Mateusz"]
[Black "Elwin, Adrian G"]
[Result "0-1"]
[WhiteElo "1898"]
[BlackElo "1996"]
[PlyCount "70"]
[EventDate "2017.11.11"]
[WhiteTeam "Fermented Sharks"]
[BlackTeam "MK Phoenix 1"]

1. e4 c6 2. Nf3 d5 3. exd5 cxd5 4. Ne5 Nc6 5. d4 Nf6 6. Be2 g6 7. c3 Bg7 8. Be3
O-O 9. O-O Ne4 10. Nxc6 bxc6 11. Nd2 Nd6 12. b3 Nf5 13. Bf4 f6 14. g4 Nd6 15.
Bg3 e5 16. c4 Be6 17. c5 Nf7 18. dxe5 fxe5 19. Rc1 Qd7 20. b4 Ng5 21. Kg2 e4
22. b5 Nf7 23. f4 exf3+ 24. Bxf3 Ne5 25. h3 h5 26. Qc2 hxg4 27. Bxg4 Nxg4 28.
Rxf8+ Rxf8 29. hxg4 Bxg4 30. Qxg6 Bf5 31. bxc6 Qe7 32. Qh5 Be4+ 33. Kh2 Rf6 34.
c7 Qf8 35. Qg4 Rh6+ 0-1

[Event "4NCL 3 South pool B"]
[Site "Reading, ENG"]
[Date "2017.11.11"]
[Round "1.71"]
[White "Healey, Michael W"]
[Black "Gregory, Andrew M"]
[Result "1-0"]
[WhiteElo "2157"]
[BlackElo "2014"]
[PlyCount "65"]
[EventDate "2017.11.11"]
[WhiteTeam "Oxford 2"]
[BlackTeam "West is Best 3"]

1. e4 d6 2. Nc3 Nf6 3. d4 c6 4. f4 e6 5. Nf3 Be7 6. Be2 b5 7. a3 O-O 8. O-O Qb6
9. Kh1 Bb7 10. e5 Nd5 11. Nxd5 cxd5 12. Bd3 f5 13. exd6 Bxd6 14. Qe2 Be7 15.
Re1 Bc8 16. Bxb5 Nc6 17. c4 Nxd4 18. Nxd4 Qxd4 19. Be3 Qe4 20. Bc6 Ba6 21. Bxa8
Rxa8 22. Qd2 Qxc4 23. Bd4 Bc8 24. Rac1 Qa6 25. Qc3 Bf8 26. Qc6 Qxc6 27. Rxc6 a6
28. Rc7 a5 29. Rec1 Ba6 30. R1c6 Bc4 31. Rxe6 a4 32. Kg1 h6 33. Kf2 1-0

[Event "4NCL 3 South pool B"]
[Site "Reading, ENG"]
[Date "2017.11.11"]
[Round "1.72"]
[White "Humphreys, Jerry G"]
[Black "McKenna, Jason P"]
[Result "0-1"]
[WhiteElo "1967"]
[BlackElo "2101"]
[PlyCount "111"]
[EventDate "2017.11.11"]
[WhiteTeam "West is Best 3"]
[BlackTeam "Oxford 2"]

1. c4 g6 2. Nc3 Bg7 3. Nf3 d6 4. g3 c5 5. Bg2 Nc6 6. O-O e5 7. Rb1 Nge7 8. a3
a5 9. d3 O-O 10. Bd2 h6 11. Re1 Be6 12. Qa4 Qd7 13. Qb5 f5 14. e3 g5 15. h4 g4
16. Nh2 h5 17. Nd5 Bxd5 18. cxd5 Nb8 19. Qxd7 Nxd7 20. b4 axb4 21. axb4 Ra2 22.
Nf1 Ng6 23. f4 Ra3 24. bxc5 Nxc5 25. Bb4 Rxd3 26. fxe5 Bxe5 27. Bxc5 dxc5 28.
Rec1 Rc8 29. Rxb7 c4 30. Rb6 Kg7 31. Kf2 Ra3 32. Rc2 c3 33. Rb7+ Kh6 34. Rb6
Rc7 35. Ke2 Kh7 36. Kd3 Bg7 37. Ke2 Ne5 38. e4 Nc4 39. Rb4 Raa7 40. Rxc4 Rxc4
41. Ne3 Rb4 42. exf5 Rb2 43. Be4 Rxc2+ 44. Bxc2 Be5 45. f6+ Kg8 46. Bg6 Bxf6
47. Bxh5 Ra2+ 48. Kd1 Rd2+ 49. Kc1 Be7 50. Nc4 Rxd5 51. Bxg4 Rd3 52. Be6+ Kg7
53. g4 Bxh4 54. Kc2 Rf3 55. Bf5 Bf6 56. Kb3 0-1

[Event "4NCL 3 South pool B"]
[Site "Reading, ENG"]
[Date "2017.11.11"]
[Round "1.73"]
[White "Alizada, Eldar"]
[Black "Davies, Matthew"]
[Result "0-1"]
[WhiteElo "2050"]
[BlackElo "2006"]
[PlyCount "62"]
[EventDate "2017.11.11"]
[WhiteTeam "Oxford 2"]
[BlackTeam "West is Best 3"]

1. d4 d5 2. Nf3 Nf6 3. c4 c6 4. Nc3 dxc4 5. e3 b5 6. Qc2 e6 7. Be2 Bb7 8. O-O
Nbd7 9. Rd1 Be7 10. e4 O-O 11. Bf4 Qb6 12. a4 a6 13. h3 Rfd8 14. Bg5 Re8 15. e5
Nd5 16. Ne4 h6 17. Bxe7 Rxe7 18. Nd6 c5 19. axb5 axb5 20. Rxa8+ Bxa8 21. Nc8
Qd8 22. Nxe7+ Qxe7 23. b3 cxb3 24. Qxb3 c4 25. Qxb5 Nc3 26. Qxc4 Nxd1 27. Bxd1
Nf8 28. Ne1 Be4 29. Qc3 Ng6 30. Bf3 Nf4 31. Bxe4 Ne2+ 0-1

[Event "4NCL 3 South pool B"]
[Site "Reading, ENG"]
[Date "2017.11.11"]
[Round "1.74"]
[White "Cayonlu, Arda"]
[Black "Matta, Francesca"]
[Result "0-1"]
[WhiteElo "1907"]
[BlackElo "1990"]
[PlyCount "94"]
[EventDate "2017.11.11"]
[WhiteTeam "West is Best 3"]
[BlackTeam "Oxford 2"]

1. e4 c5 2. Nf3 e6 3. d4 cxd4 4. Nxd4 a6 5. Nc3 b5 6. a3 Bb7 7. Bd3 d6 8. O-O
Nf6 9. Re1 Nbd7 10. Be3 Nc5 11. f3 Be7 12. Bf1 O-O 13. Qd2 Qc7 14. Rad1 Rfd8
15. Qf2 d5 16. e5 Nfd7 17. b4 Ne4 18. Nxe4 dxe4 19. fxe4 Bxe4 20. Bf4 Qb7 21.
Bd3 Bxd3 22. Rxd3 Rac8 23. Rf3 Nb8 24. c3 Nc6 25. Nxc6 Rxc6 26. Bd2 Bf8 27. Rf1
Rd7 28. Rg3 Qc7 29. Rf3 Rc4 30. Qe3 g6 31. Be1 Bg7 32. Bg3 Qb7 33. Rf4 Bh6 34.
Qf2 Bxf4 35. Bxf4 Qc7 36. Qh4 Qxe5 37. Qxh7+ Kxh7 38. Bxe5 Re4 39. Bf6 Re2 40.
h3 Rdd2 41. Rf4 Rxg2+ 42. Kf1 g5 43. Rf3 Kg6 44. Bd4 f5 45. Bf2 g4 46. Kxg2
gxf3+ 47. Kxf3 Rd3+ 0-1

[Event "4NCL 3 South pool B"]
[Site "Reading, ENG"]
[Date "2017.11.11"]
[Round "1.75"]
[White "Cole, James"]
[Black "Fowler, Hugo"]
[Result "1/2-1/2"]
[WhiteElo "2057"]
[BlackElo "1921"]
[PlyCount "38"]
[EventDate "2017.11.11"]
[WhiteTeam "Oxford 2"]
[BlackTeam "West is Best 3"]

1. e4 e5 2. Nf3 Nc6 3. Bb5 a6 4. Ba4 Nf6 5. Qe2 b5 6. Bb3 Bc5 7. d3 d6 8. c3
Ba7 9. Bg5 h6 10. Be3 Ne7 11. Nbd2 Bb7 12. Bxa7 Rxa7 13. O-O Ng6 14. d4 Qd7 15.
dxe5 dxe5 16. Qe3 Ra8 17. Qc5 Qc6 18. Qxc6+ Bxc6 19. Bc2 Rd8 1/2-1/2

[Event "4NCL 3 South pool B"]
[Site "Reading, ENG"]
[Date "2017.11.11"]
[Round "1.76"]
[White "Jukes, Sam"]
[Black "Burrows, Nick"]
[Result "0-1"]
[WhiteElo "1899"]
[BlackElo "2027"]
[PlyCount "70"]
[EventDate "2017.11.11"]
[WhiteTeam "West is Best 3"]
[BlackTeam "Oxford 2"]

1. d4 f5 2. c4 e6 3. Nf3 Nf6 4. Nc3 Bb4 5. Bg5 b6 6. e3 Bb7 7. Bd3 O-O 8. Qb3
Bxc3+ 9. bxc3 Qe8 10. Bxf6 Rxf6 11. c5 Qg6 12. cxb6 axb6 13. Nh4 Qg4 14. Nxf5
Rxf5 15. Bxf5 Qxf5 16. O-O Qg5 17. f3 Qxe3+ 18. Kh1 Nc6 19. Rfe1 Qg5 20. Qc2
Ne7 21. c4 Nf5 22. Qd3 Nh4 23. Re2 Rf8 24. Rf1 Ba6 25. g3 Ng6 26. Rfe1 Bb7 27.
Re3 Qh5 28. Kg2 Qg5 29. Kf2 Qg4 30. d5 exd5 31. cxd5 d6 32. Kg1 Qh5 33. Rd1 Ne5
34. Qe4 Nxf3+ 35. Rxf3 Qxf3 0-1

[Event "4NCL 3 South pool B"]
[Site "Reading, ENG"]
[Date "2017.11.11"]
[Round "1.81"]
[White "Higgs, Anthony R J"]
[Black "Josse, Mark"]
[Result "1/2-1/2"]
[WhiteElo "2072"]
[BlackElo "2152"]
[Annotator "Alan"]
[PlyCount "57"]
[EventDate "2017.11.11"]
[WhiteTeam "Sussex Martlets 2"]
[BlackTeam "The Rookies"]

1. Nc3 c5 2. g3 Nc6 3. Bg2 g6 4. e4 Bg7 5. Nge2 e6 6. O-O Nge7 7. Nf4 Rb8 8. d3
b5 9. Re1 O-O 10. h4 d6 11. h5 Nd4 12. e5 dxe5 13. Nh3 f5 14. hxg6 hxg6 15. Ne2
Bb7 16. Bxb7 Rxb7 17. Nxd4 exd4 18. Ng5 Qd5 19. Bd2 Bf6 20. Qf3 Rc8 21. Rac1
Rbc7 22. c3 dxc3 23. Qxd5 exd5 24. bxc3 c4 25. dxc4 dxc4 26. Rb1 a6 27. a4 bxa4
28. Rb6 Rc6 29. Rb4 {[moves not certain : draw in 37 moves]} 1/2-1/2

[Event "4NCL 3 South pool B"]
[Site "Reading, ENG"]
[Date "2017.11.11"]
[Round "1.82"]
[White "Byron, Alan M"]
[Black "Howell, Chris I"]
[Result "1-0"]
[WhiteElo "2082"]
[BlackElo "1967"]
[PlyCount "99"]
[EventDate "2017.11.11"]
[WhiteTeam "The Rookies"]
[BlackTeam "Sussex Martlets 2"]

1. c4 Nf6 2. Nc3 g6 3. Nf3 Bg7 4. d4 d6 5. e4 O-O 6. h3 c5 7. d5 b5 8. cxb5 a6
9. bxa6 Bxa6 10. Bxa6 Rxa6 11. Qe2 Qa5 12. O-O Nbd7 13. Nd2 Rfa8 14. Nc4 Qb4
15. Bd2 Nb6 16. Nxb6 Qxb6 17. Rfb1 Nd7 18. b3 Qb7 19. a4 Rb6 20. Ra3 c4 21.
Qxc4 Rc8 22. Qd3 Nc5 23. Qc2 Nxe4 24. Qxe4 Bxc3 25. Be3 Rb4 26. Qd3 Bf6 27. a5
Rc3 28. Qd1 Qa6 29. Qf1 Rb5 30. Ra2 Kg7 31. b4 Rc8 32. Rc1 Rxc1 33. Bxc1 Bc3
34. Bb2 Bxb2 35. Rxb2 Qb7 36. Qc4 Rxd5 37. a6 Rd1+ 38. Kh2 Qb8 39. Qc3+ f6 40.
Qf3 d5+ 41. g3 Ra1 42. b5 e6 43. Qe2 d4 44. Qxe6 Qc7 45. Ra2 Rb1 46. Qc6 Qf7
47. Rd2 Qe7 48. Rxd4 Qe5 49. Qb7+ Kh6 50. Rh4+ 1-0

[Event "4NCL 3 South pool B"]
[Site "Reading, ENG"]
[Date "2017.11.11"]
[Round "1.83"]
[White "Rogacewicz, Mikolaj"]
[Black "Piper, Stephen J"]
[Result "1/2-1/2"]
[WhiteElo "1944"]
[BlackElo "2075"]
[Annotator "Alan"]
[PlyCount "55"]
[EventDate "2017.11.11"]
[WhiteTeam "Sussex Martlets 2"]
[BlackTeam "The Rookies"]

1. d4 g6 2. c4 Nf6 3. Nc3 d5 4. cxd5 Nxd5 5. e4 Nxc3 6. bxc3 c5 7. Bc4 Bg7 8.
Ne2 cxd4 9. cxd4 O-O 10. O-O Nc6 11. Be3 Na5 12. Bd3 Be6 13. Qa4 Bd7 14. Qa3 f5
15. Bd2 Nc6 16. Bc4+ Kh8 17. e5 f4 18. Rfe1 f3 19. gxf3 Bf5 20. Qe3 a6 21. Rac1
b5 22. Bb3 Na5 23. Bxa5 Qxa5 24. Ng3 Qb4 25. Ne4 Bxe4 26. fxe4 Rad8 27. Rc6 a5
28. Bd5 {score sheets not correct??} 1/2-1/2

[Event "4NCL 3 South pool B"]
[Site "Reading, ENG"]
[Date "2017.11.11"]
[Round "1.84"]
[White "Compton, Alistair"]
[Black "Graham, William M"]
[Result "1/2-1/2"]
[WhiteElo "2078"]
[BlackElo "1886"]
[PlyCount "96"]
[EventDate "2017.11.11"]
[WhiteTeam "The Rookies"]
[BlackTeam "Sussex Martlets 2"]

1. e4 e6 2. d4 d5 3. Nc3 Nf6 4. e5 Nfd7 5. f4 c5 6. Nf3 Nc6 7. Be3 Be7 8. Be2
O-O 9. O-O b6 10. Qe1 f6 11. Bb5 Nxd4 12. Bxd4 cxd4 13. Ne2 fxe5 14. fxe5 Bc5
15. Kh1 Qc7 16. b4 Nxe5 17. bxc5 Nxf3 18. Rxf3 Rxf3 19. gxf3 bxc5 20. Qg3 Qxg3
21. Nxg3 Rb8 22. a4 Kf7 23. f4 Rb6 24. Be2 Rb2 25. Bd1 g6 26. Kg1 Ba6 27. Nf1
Kf6 28. Ng3 h6 29. h4 e5 30. fxe5+ Kxe5 31. Nh1 Kf4 32. Nf2 Kg3 33. h5 gxh5 34.
Ra3+ Kf4 35. Rf3+ Ke5 36. Rh3 Bc4 37. Rxh5+ Kf4 38. Rxh6 Ke3 39. Rc6 Kd2 40.
Kg2 Ra2 41. Rxc5 Rxa4 42. Bf3 Kxc2 43. Bxd5 Kb3 44. Rb5+ Rb4 45. Bxc4+ Kxc4 46.
Ra5 Rb7 47. Ra4+ Kc3 48. Ne4+ Kb2 1/2-1/2

[Event "4NCL 3 South pool B"]
[Site "Reading, ENG"]
[Date "2017.11.11"]
[Round "1.85"]
[White "Batchelor, Paul A"]
[Black "Jaszkiwskyj, Peter"]
[Result "1-0"]
[WhiteElo "1952"]
[BlackElo "1936"]
[PlyCount "163"]
[EventDate "2017.11.11"]
[WhiteTeam "Sussex Martlets 2"]
[BlackTeam "The Rookies"]

1. d4 d5 2. Bf4 Nf6 3. e3 c5 4. c3 Nc6 5. Nd2 Bf5 6. h3 h6 7. Qb3 Qb6 8. dxc5
Qxb3 9. Nxb3 e5 10. Bh2 a5 11. Nf3 a4 12. Nc1 Nd7 13. Bb5 f6 14. Nh4 Bh7 15.
Bd3 e4 16. Be2 Bxc5 17. Bh5+ Kd8 18. Ng6 Bxg6 19. Bxg6 h5 20. Bf5 Ne7 21. Bxd7
Kxd7 22. Ne2 g5 23. O-O-O Ke6 24. Nd4+ Bxd4 25. Rxd4 Rhc8 26. Rhd1 Rc5 27. Rb4
b5 28. Rbd4 Rac8 29. Kb1 a3 30. R4d2 Ra8 31. g4 h4 32. Rf1 axb2 33. Rxb2 Ra3
34. Rc1 Kd7 35. Rb3 Ra8 36. Ka1 Kc6 37. Rcb1 Ra4 38. Kb2 Nc8 39. Rb4 Nb6 40.
Rc1 Nc4+ 41. Ka1 Ra3 42. Rc2 Nb6 43. Kb2 Ra8 44. Rb3 Rc4 45. Rb4 Na4+ 46. Ka1
Kc5 47. Rxc4+ Kxc4 48. Bd6 Nxc3 49. Be7 Ra6 50. a3 Kd3 51. Kb2 Rc6 52. Kb3 Rc4
53. Bb4 Nb1 54. Rb2 Rc1 55. Be7 Nd2+ 56. Kb4 Rc6 57. Kxb5 Rc7 58. Bb4 Nc4 59.
Ra2 f5 60. gxf5 Rf7 61. a4 Rxf5 62. Kc6 Rf6+ 63. Kxd5 g4 64. hxg4 h3 65. Ra1
Rxf2 66. Rd1+ Kc2 67. Rh1 Nxe3+ 68. Kxe4 Nxg4 69. Rxh3 Nf6+ 70. Ke5 Ng4+ 71.
Kd6 Rf4 72. Kc5 Nf2 73. Rc3+ Kb2 74. Rc4 Nd3+ 75. Kb5 Rf5+ 76. Bc5 Rf7 77. a5
Rb7+ 78. Bb6 Kb3 79. Rd4 Ne5 80. a6 Rh7 81. a7 Rh8 82. Rd8 1-0

[Event "4NCL 3 South pool B"]
[Site "Reading, ENG"]
[Date "2017.11.11"]
[Round "1.86"]
[White "Gibson, Christopher A"]
[Black "Samworth-Calvier, Juju"]
[Result "0-1"]
[WhiteElo "1932"]
[BlackElo "1847"]
[PlyCount "78"]
[EventDate "2017.11.11"]
[WhiteTeam "The Rookies"]
[BlackTeam "Sussex Martlets 2"]

1. e4 e6 2. d4 d5 3. e5 c5 4. c3 Nc6 5. Nf3 Bd7 6. Be2 Nh6 7. Na3 cxd4 8. cxd4
Nf5 9. Nc2 Be7 10. O-O O-O 11. Kh1 Qb6 12. b3 a5 13. g4 Nh4 14. Bg5 Bxg5 15.
Nxg5 h6 16. Nh3 f6 17. exf6 Rxf6 18. f4 Raf8 19. Rg1 Qc7 20. Ne3 Rxf4 21. Nxf4
Qxf4 22. Ng2 Nxg2 23. Rf1 Qxd4 24. Rxf8+ Kxf8 25. Kxg2 Ke7 26. Qf1 Qe4+ 27. Bf3
Qc2+ 28. Kh1 Ne5 29. Bg2 Nxg4 30. Qf4 e5 31. Qf1 Ne3 32. Qf3 Qxg2+ 33. Qxg2
Nxg2 34. Kxg2 Ke6 35. Rc1 Bc6 36. Rc5 Kf5 37. Rxa5 Kf4 38. Rc5 Ke3 39. Rc2 d4+
0-1